Cartas del viaje a Oriente / (Record no. 185077)
[ view plain ]
| 000 -LEADER | |
|---|---|
| campo de control de longitud fija | 00959nam a2200253 i 4500 |
| 001 - NÚMERO DE CONTROL | |
| campo de control | 185077 |
| 003 - IDENTIFICADOR DE NÚMERO DE CONTROL | |
| campo de control | SpMaBN |
| 005 - FECHA Y HORA DE LA ÚLTIMA TRANSACCIÓN | |
| campo de control | 20240128062950.0 |
| 008 - DATOS DE LONGITUD FIJA--INFORMACIÓN GENERAL | |
| campo de control de longitud fija | 160317s1987 sp aco |||| |bspa d |
| 020 ## - NÚMERO INTERNACIONAL ESTÁNDAR DEL LIBRO | |
| Número Internacional Estándar del Libro | 84-7584-061-2 |
| 080 ## - NÚMERO DE LA CLASIFICACIÓN DECIMAL UNIVERSAL | |
| Número de la Clasificación Decimal Universal | 929 Flaubert, Gustave |
| 080 ## - NÚMERO DE LA CLASIFICACIÓN DECIMAL UNIVERSAL | |
| Número de la Clasificación Decimal Universal | 821.133.1-6"18" |
| 100 1# - ENTRADA PRINCIPAL--NOMBRE DE PERSONA | |
| Nombre de persona | Flaubert, Gustave, |
| Fechas asociadas al nombre | 1821-1880 |
| 9 (RLIN) | 51134 |
| 245 10 - MENCIÓN DEL TÍTULO | |
| Título | Cartas del viaje a Oriente / |
| Mención de responsabilidad, etc. | Gustave Flaubert ; prólogo, traducción y notas de Ricardo Cano Garivia [i.e. Gaviria]. |
| 260 ## - PUBLICACIÓN, DISTRIBUCIÓN, ETC. | |
| Lugar de publicación, distribución, etc. | Barcelona : |
| Nombre del editor, distribuidor, etc. | Laertes, |
| Fecha de publicación, distribución, etc. | [1987] |
| 300 ## - DESCRIPCIÓN FÍSICA | |
| Extensión | 327 p. : |
| Otras características físicas | il., retr. ; |
| Dimensiones | 20 cm. |
| 490 1# - MENCIÓN DE SERIE | |
| Mención de serie | Nan Shan ; |
| Designación de volumen o secuencia | 29 |
| 505 8# - NOTA DE CONTENIDO CON FORMATO | |
| Nota de contenido con formato | Contiene: ; |
| Título | Gustave Flaubert y la melancolía de los paquebotes / |
| Mención de responsabilidad | R. Cano Gaviria |
| 600 14 - PUNTO DE ACCESO ADICIONAL DE MATERIA--NOMBRE DE PERSONA | |
| Nombre de persona | Flaubert, Gustave, |
| Fechas asociadas al nombre | 1821-1880- |
| Subdivisión general | Correspondencia |
| 9 (RLIN) | 51135 |
| 700 1# - ENTRADA AGREGADA--NOMBRE PERSONAL | |
| Nombre de persona | Cano Gaviria, Ricardo. |
| 9 (RLIN) | 34548 |
| 830 0# - PUNTO DE ACCESO ADICIONAL DE SERIE-TÍTULO UNIFORME | |
| Título uniforme | Nan Shan ; |
| Designación de volumen o secuencia | 29 |
| 9 (RLIN) | 182361 |
| 852 ## - LOCALIZACIÓN | |
| Ubicación | ES-MaACL |
| Número de control de estantería | L-30268 |
| Nota libre | . - Donat. Miguel A. Velasco |
| Estatus retirado | Estado de pérdida | Estado de daño | No para préstamo | Biblioteca de origen | Biblioteca actual | Ubicación en estantería | Fecha de adquisición | Fuente de adquisición | Total de préstamos | Signatura topográfica completa | Código de barras | Visto por última vez | Precio de reemplazo | Tipo de ítem Koha |
|---|---|---|---|---|---|---|---|---|---|---|---|---|---|---|
| Biblioteca del Ateneo de Madrid | Biblioteca del Ateneo de Madrid | Depósito 2 | 17/03/2016 | L-30268 | 1194945 | 23/02/2023 | 23/02/2023 | Libro impreso |
